FILOSOFIA DEL LIMITE E INCONSCIENTE : (Registro nro. 47968)
[ vista simple ]
| 000 -LEADER | |
|---|---|
| fixed length control field | 01078nam a2200205 a 4500 |
| 001 - CONTROL NUMBER | |
| control field | 47968 |
| 005 - DATE AND TIME OF LATEST TRANSACTION | |
| control field | 20180714032117.0 |
| 008 - FIXED-LENGTH DATA ELEMENTS--GENERAL INFORMATION | |
| fixed length control field | 140415s2003 sp 000 0 spa d |
| 020 ## - INTERNATIONAL STANDARD BOOK NUMBER | |
| International Standard Book Number | 8497561813 |
| 041 ## - LANGUAGE CODE | |
| Language code of text/sound track or separate title | spa |
| 082 ## - DEWEY DECIMAL CLASSIFICATION NUMBER | |
| Classification number | 127 |
| Item number | ALE |
| 100 1# - MAIN ENTRY--PERSONAL NAME | |
| Personal name | ALEMAN, JORGE |
| 245 10 - TITLE STATEMENT | |
| Title | FILOSOFIA DEL LIMITE E INCONSCIENTE : |
| Remainder of title | CONVERSACIÓN CON EUGENIO TRIAS |
| 250 ## - EDITION STATEMENT | |
| Edition statement | 1a ed. |
| 260 ## - PUBLICATION, DISTRIBUTION, ETC. | |
| Place of publication, distribution, etc. | ESPAÑA : |
| Name of publisher, distributor, etc. | SINTESIS, |
| Date of publication, distribution, etc. | 2003 |
| 300 ## - PHYSICAL DESCRIPTION | |
| Extent | 104 |
| Dimensions | 13 x 1.2 x 21 |
| 520 ## - SUMMARY, ETC. | |
| Summary, etc. | ¿QUÉ LLEVA A DOS PSICOANALISTAS LACANIANOS A ESTUDIAR LA FILOSOFÍA DEL LÍMITE Y A INTERROGAR A SU AUTOR? ¿CUÁLES SON LAS AFINIDADES, RESONANCIAS Y PROBLEMAS EN COMÚN ENTRE LA NOVEDAD EN LENGUA ESPAÑOLA QUE SUPONE LA FILOSOFÍA DEL LÍMITE Y LA ANALÍTICA DEL FRONTERIZO QUE LA MISMA IMPLICA, Y EL PSICOANÁLISIS DE ORIENTACIÓN FRAUDO-LACANIANA? EL LÍMITE ES A LA VEZ UN RETO QUE NOS INSTIGA, O QUE NOS PONE A PRUEBA, Y UNA SALVA GUARDA QUE NOS IMPIDE DISPERSARNOS DEFINITIVAMENTE, DESFONDÁNDO |
| 650 14 - SUBJECT ADDED ENTRY--TOPICAL TERM | |
| Topical term or geographic name entry element | ONTOLOGIA |
| General subdivision | FILOSOFIA CONTEMPORANEA |
| 700 1# - ADDED ENTRY--PERSONAL NAME | |
| Personal name | LARRIERA, SERGIO |
| Relator term | coaut. |
| Withdrawn status | Lost status | Source of classification or shelving scheme | Damaged status | Not for loan | Collection code | Home library | Current library | Shelving location | Date acquired | Source of acquisition | Inventory number | Total Checkouts | Full call number | Barcode | Date last seen | Price effective from | Koha item type |
|---|---|---|---|---|---|---|---|---|---|---|---|---|---|---|---|---|---|
| Dewey Decimal Classification | General | Biblioteca Karol Wojtyla | Biblioteca Karol Wojtyla | Sala general | 03/12/2013 | Compra | 151000000000000000060727 | 127 ALE | 71807 | 05/01/2026 | 03/12/2013 | Libro |